000 00987nam a22002177a 4500
005 20211105103123.0
008 211105b mx ||||| |||| 00| 0 spa d
020 _a9786077629245
050 0 4 _aHC227
_bG47 2009
245 1 0 _aGestión del conocimiento en centros de investigación y desarrollo de México, Brasil y Chile
_c/ coordinador, José Luis Solleiro Rebolledo; Flor Escalante.... [et al.] ;
250 _a1a ed.
260 _aMéxico :
_bFacultad Latinoamericana de Ciencias Sociales,
_c2009.
300 _a107 p. ;
_c22 cm.
440 0 _aPrograma de Investigación sobre Economía del Conocimiento en América Latina y el Caribe
_v3
650 7 _2Lemb
_aEconomía del conocimiento
_zAmérica Latina.
650 7 _2Lemb
_aAprendizaje organizacional
_zAmérica Latina
650 7 _2Lemb
_aProyectos de Investigación
_zMéxico
650 7 _2Lemb
_aProyectos de Investigación
_zBrasil
650 7 _2Lemb
_aProyectos de Investigación
_zChile
942 _2lcc
_cLIB
999 _c158668
_d158666